Independent Texas Cities of 10,000+ - Statistics

General Stats
  • This quiz has been taken 17 times
    15 since last reset
  • The average score is 26 of 81
Answer Stats
Hint Answer % Correct
Border Eagle Pass
75%
Brazos Valley / Bluebonnet Country Brenham
63%
Hill Country Fredericksburg
63%
Hill Country Kerrville
63%
West Texas Big Spring
50%
Central Texas Copperas Cove
50%
Border Del Rio
50%
Panhandle Dumas
50%
I-45 Corridor Ennis
50%
I-45 Corridor Huntsville
50%
Comal County New Braunfels
50%
Southeast Texas Orange
50%
Hays County San Marcos
50%
Central Texas Temple
50%
I-45 Corridor Waxahachie
50%
Northeast Texas Athens
38%
Lost Pines Bastrop
38%
Hill Country Boerne
38%
Central Texas Brownwood
38%
Panhandle Canyon
38%
I-45 Corridor Corsicana
38%
North Texas Denison
38%
Gulf Coast Galveston
38%
North Texas Greenville
38%
Rio Grande Valley Harlingen
38%
South Texas Kingsville
38%
West Texas / Panhandle Levelland
38%
Deep East Texas Lufkin
38%
Northeast Texas Marshall
38%
North Texas Mineral Wells
38%
Northeast Texas Mount Pleasant
38%
Deep East Texas Nacogdoches
38%
East Texas Palestine
38%
Northeast Texas Paris
38%
Far West Texas Pecos
38%
Panhandle Plainview
38%
Gulf Coast Port LaVaca
38%
Rio Grande Valley Rio Grande City
38%
South Texas / Coastal Plains Robstown
38%
Guadalupe River Seguin
38%
A president's last name Taylor
38%
South Texas Uvalde
38%
North Texas Weatherford
38%
Coastal Plains Bay City
25%
North Texas / Northeast Texas Bonham
25%
Panhandle Borger
25%
North Texas, near AFB Burkburnett
25%
Guadalupe River, Recreation Canyon Lake
25%
North Texas Cleburne
25%
290 Corridor Elgin
25%
Gulf Coast Freeport
25%
Central Texas Gatesville
25%
Deep East Texas Henderson
25%
Deep East Texas Jacksonville
25%
Caldwell County Lockhart
25%
Panhandle Pampa
25%
Southeast Texas Port Arthur
25%
South Texas / Rio Grande Valley Raymondville
25%
Gulf Coast Rockport
25%
Northeast Texas Sulphur Springs
25%
West Texas Sweetwater
25%
North Texas Vernon
25%
South Texas Alice
13%
West Texas Andrews
13%
Coastal Plains Angleton
13%
South Texas Beeville
13%
North Texas Denton
13%
Coastal Plains El Campo
13%
North Texas Forney
13%
North Texas Gainesville
13%
North Texas Granbury
13%
Panhandle Hereford
13%
Northeast Texas Kilgore
13%
Coastal Plains Lake Jackson
13%
Fast Growing Austin Exurb Liberty Hill
13%
Rio Grande Valley Mercedes
13%
Rio Grande Valley Roma
13%
Rio Grande Valley San Benito
13%
West Texas Snyder
13%
North Texas Terrell
13%
Central Texas / North Texas Stephenville
0%
No matching quizzes found
Score Distribution
Percent of People with Each Score
Percentile by Number Answered
Your Score History
You have not taken this quiz since the last reset